| 000 | 00405cam a2200169ua 4500 | ||
|---|---|---|---|
| 020 | _c10.00 | ||
| 041 |
_amal _h |
||
| 082 |
_a398.9 _bKAR/PA |
||
| 100 | _aKarth, P C . | ||
| 245 |
_aPazhanchol prapancham / _cP C Kartha. _hTextual Documents |
||
| 260 |
_aKottayam : _bNational Book Stall , _c1966. |
||
| 300 | _a759 ; . | ||
| 365 | _a10.00 | ||
| 504 | _a | ||
| 942 | _cBK | ||
| 999 |
_c6111 _d6111 |
||